00397nam a22001337a 4500008004100000040005500041080001900096245004200115260003500157300001600192650001200208653001400220700002900234230322b |||||||| |||| 00| 0 eng d aNational Science LibrarycNational Science Library a621.039.85(05) aAdvances in tracer methodology b c  aLondon: bPlenum press, c1966 axiii, 443p, aPhysics aMagnetism aRothchild, Seymour (Ed.)